000 00465nam a2200181Ia 4500
001 14177
005 20260306164855.0
008 260306t2014||||xx |||||||||||||| ||spa||
041 _aESP
082 _a510
_bE29
100 _aEgoavil Vera, Juan Raúl
_eAUT
245 0 _aFundamentos de matemática:
_bintroducción al nivel universitario
260 _c2014
300 _a511 páginas :
_c30 cm.
650 _aGEN
654 _aCMA
942 _cLIB
_dJUS
_fJUS
_2ddc
_n
999 _c14177
_d14177